MARC

LEADER 00000nam0a2200000 4500
001 278628
005 20231101235130.0
035 |a (RuTPU)RU\TPU\book\301905 
090 |a 278628 
100 |a 20141212d1985 k y0rusy5003 ca 
101 0 |a rus 
102 |a RU 
105 |a a z 001zy 
200 1 |a Обогащение руд  |e сборник научных трудов  |f Иркутский политехнический институт (ИрПИ) 
210 |a Иркутск  |c Изд-во ИПИ  |d 1985 
215 |a 147 с.  |c ил.  |d 20 см 
320 |a Библиогр. в конце статей 
606 1 |a Руды  |x Обогащение  |2 stltpush  |3 (RuTPU)RU\TPU\subj\26130  |9 50128 
610 1 |a пириты 
610 1 |a депрессия 
610 1 |a моделирование 
610 1 |a термодинамические расчеты 
610 1 |a цветные металлы 
610 1 |a черные металлы 
610 1 |a горно-химическое сырье 
610 1 |a неметаллические полезные ископаемые 
675 |a 622.7:622.34  |z rus  |v 4 
712 0 2 |a Иркутский политехнический институт (ИрПИ)  |c (1960-1993)  |2 stltpush  |3 (RuTPU)RU\TPU\col\233 
801 0 |a RU  |b RuMRKP  |c 19950704  |g psbo 
801 1 |a RU  |b 63413507  |c 20141212 
801 2 |a RU  |b 63413507  |c 20170412  |g RCR 
942 |c BK